| 000 | 01720cam a22004454i 4500 | ||
|---|---|---|---|
| 003 | PE-LiUPU | ||
| 005 | 20250731173439.0 | ||
| 008 | 150616s r 000 0 d | ||
| 035 | _a(Sirsi) a5639 | ||
| 040 |
_aPE-LiUPU _bspa _cPE-LiUPU _erda |
||
| 049 | _aPRUA | ||
| 082 | 0 | 4 |
_a200.947 _bA16 _221 |
| 110 | 2 | _aAcademia de Ciencias de la URSS | |
| 245 | 1 | 3 |
_aLa Religión en la URSS: Verdad e invenciones / _cAcademia de Ciencias de la URSS. |
| 264 | 1 |
_aMoscú : _bCiencias Sociales Contemporáneas, _c1986. |
|
| 300 |
_a183 páginas ; _c19 cm. |
||
| 336 |
_atext _2rdacontent |
||
| 337 |
_aunmediated _2rdamedia |
||
| 338 |
_avolume _2rdacarrier |
||
| 505 | 0 | _aLa religión y la iglesia en la Unión Soviética.- El ateísmo y la cultura espiritual.- La iglesia ortodoxa rusa.- Catolicismo en la URSS.- El Islam y los musulmanes.- Nuevas tendencias en el adventismo.- La iglesia metodista.- El anticomunismo clerical.- El imperialismo y la ideología religiosa. | |
| 526 | _aSEG42 | ||
| 526 | _aSEG41 | ||
| 526 | _aSEG40 | ||
| 526 | _aSEG39 | ||
| 526 | _aP94 | ||
| 526 | _aP87 | ||
| 526 | _aP86 | ||
| 526 | _aP85 | ||
| 526 | _aP77 | ||
| 526 | _aP76 | ||
| 526 | _aP35 | ||
| 651 | 0 |
_aRusia _xReligión. |
|
| 910 |
_ajck _bjvq _cjck |
||
| 942 |
_2ddc _cBOOK |
||
| 949 |
_a200.947 A16 _wDEWEY _c1 _i39417 _lCCODEBUL1 _mBUL _p00.00 _r0 _sY _tBOOK _u19950927 _xTEOLOGIA _zUNKNOWN _0COMPRA _o.STAFF. Colección General |
||
| 994 |
_aC0 _bPEPRU |
||
| 596 | _a1 | ||
| 999 |
_a200.947 A16 _wDEWEY _c56689 _i39417 _f2021-11-11 _g5 _lCCODEBUL1 _mBUL _r0 _sY _tBOOK _u2015-6-16 _xTEOLOGIA _zUNKNOWN _0COMPRA _o.STAFF. Colección General _d56689 |
||
| 980 |
_81 _gALBERTO SANCHEZ Responsable de Automatización |
||